MyGZULibrary

Governance and human development in southern in Africa / (Record no. 3573)

MARC details
000 -LEADER
fixed length control field 01280cam a2200373 a 4500
001 - CONTROL NUMBER
control field 12726465
003 - CONTROL NUMBER IDENTIFIER
control field GZU
005 - DATE AND TIME OF LATEST TRANSACTION
control field 20201202114912.0
008 - FIXED-LENGTH DATA ELEMENTS--GENERAL INFORMATION
fixed length control field 010913s1998 rh b 000 0 eng
010 ## - LIBRARY OF CONGRESS CONTROL NUMBER
LC control number 2001311032
020 ## - INTERNATIONAL STANDARD BOOK NUMBER
International Standard Book Number 177905095X
020 ## - INTERNATIONAL STANDARD BOOK NUMBER
International Standard Book Number 1779051018 (cover)
035 ## - SYSTEM CONTROL NUMBER
System control number (DLC) 2001311032
040 ## - CATALOGING SOURCE
Original cataloging agency DLC
Transcribing agency DLC
Modifying agency DLC
042 ## - AUTHENTICATION CODE
Authentication code lcode
043 ## - GEOGRAPHIC AREA CODE
Geographic area code fs-----
050 00 - LIBRARY OF CONGRESS CALL NUMBER
Classification number JQ 2720.
Item number GOV 1998
082 00 - DEWEY DECIMAL CLASSIFICATION NUMBER
Classification number 320.968
Edition number 21
245 00 - TITLE STATEMENT
Title Governance and human development in southern in Africa /
Statement of responsibility, etc. Ibbo Mandaza, editor.
246 14 - VARYING FORM OF TITLE
Title proper/short title Governance & human development southern in Africa
260 ## - PUBLICATION, DISTRIBUTION, ETC.
Place of publication, distribution, etc. Mount Pleasant, Harare, Zimbabwe :
Name of publisher, distributor, etc. SAPPHO,
Date of publication, distribution, etc. 1998.
300 ## - PHYSICAL DESCRIPTION
Extent xiv, 231 p. ;
Dimensions 21 cm.
440 #0 - SERIES STATEMENT/ADDED ENTRY--TITLE
Title Southern Africa specialised studies series
500 ## - GENERAL NOTE
General note "Selected essays"--Cover.
500 ## - GENERAL NOTE
General note "SAPES Trust"--P. [4] of cover.
504 ## - BIBLIOGRAPHY, ETC. NOTE
Bibliography, etc. note Includes bibliographical references.
650 #0 - SUBJECT ADDED ENTRY--TOPICAL TERM
Topical term or geographic name entry element Civil society
Geographic subdivision Africa, Southern.
650 #0 - SUBJECT ADDED ENTRY--TOPICAL TERM
Topical term or geographic name entry element Human services
Geographic subdivision Africa, Southern.
651 #0 - SUBJECT ADDED ENTRY--GEOGRAPHIC NAME
Geographic name Africa, Southern
General subdivision Politics and government
Chronological subdivision 1994-
700 1# - ADDED ENTRY--PERSONAL NAME
Personal name Mandaza, Ibbo.
906 ## - LOCAL DATA ELEMENT F, LDF (RLIN)
a 7
b cbc
c origode
d 3
e ncip
f 20
g y-gencatlg
942 ## - ADDED ENTRY ELEMENTS (KOHA)
Source of classification or shelving scheme Library of Congress Classification
Koha item type Books
Classification part 2720
Item part GOV
Call number prefix JQ
Holdings
Withdrawn status Lost status Damaged status Not for loan Collection code Home library Current library Shelving location Date acquired Total Checkouts Full call number Barcode Date last seen Copy number Price effective from Koha item type
        Non-fiction City Campus Library City Campus Library General Stacks 12/02/2020   JQ 2720 GOV 1998 B016071 12/02/2020 c.1 12/02/2020 Books